000 00369nam a2200133Ia 4500
008 100328s9999 xx 000 0 und d
082 _b17440
100 _aरंजीत कर्नल
245 _aगहरी चाल
260 _bशिक्षा भारती
630 _aगहरी चाल
730 _aगहरी चाल
942 _cBOOK
999 _c512015
_d512012